Estimate of sundry works required to be done in the erection and completion of a Baptist Chapel, Schools and Vestries at Hemel Hempstead in the County of Hertford (Record no. 114883)

MARC details
000 -LEADER
fixed length control field 00768ctm a22001935a 4500
001 - CONTROL NUMBER
control field L157636
008 - FIXED-LENGTH DATA ELEMENTS--GENERAL INFORMATION
fixed length control field 130213s1859 xxk f 000 0 eng d
035 ## - SYSTEM CONTROL NUMBER
System control number (Sirsi) u157636
041 0# - LANGUAGE CODE
Language code of text/sound track or separate title eng
100 1# - MAIN ENTRY--PERSONAL NAME
Personal name James, Joseph
245 00 - TITLE STATEMENT
Title Estimate of sundry works required to be done in the erection and completion of a Baptist Chapel, Schools and Vestries at Hemel Hempstead in the County of Hertford
Remainder of title according to Drawings and Specification prepared by Joseph James Esq., Architect 45 Furnivals Inn London E.C., July 1859
260 ## - PUBLICATION, DISTRIBUTION, ETC.
Date of publication, distribution, etc. 1859
300 ## - PHYSICAL DESCRIPTION
Extent 1 v.
Other physical details manuscript
Dimensions 34 cm.
520 ## - SUMMARY, ETC.
Summary, etc. Handwritten manuscript.
583 ## - ACTION NOTE
Action Condition reviewed
Time/date of action 20120620
Status condition level 1
651 #4 - SUBJECT ADDED ENTRY--GEOGRAPHIC NAME
Geographic name Hertfordshire
690 ## - LOCAL SUBJECT ADDED ENTRY--TOPICAL TERM (OCLC, RLIN)
Topical term or geographic name as entry element Design and specification
942 ## - ADDED ENTRY ELEMENTS (KOHA)
Suppress in OPAC 0
Holdings
Withdrawn status Lost status Source of classification or shelving scheme Damaged status Not for loan Home library Current library Shelving location Date acquired Total Checkouts Full call number Barcode Date last seen Copy number Price effective from Koha item type
    Dewey Decimal Classification     Historic collection Historic collection Historic collection 13/02/2013   FOLIO 1859 JAMES 30078000 06/08/2019 1 06/08/2019 Book